000 00296nam a22001337a 4500
008 170911b xxu||||| |||| 00| 0 eng d
020 _a9781557863782
041 _aeng
080 _a91
100 _a42
101 _aGEO
245 _aMODERN GEOGRAPHICAL THOUGHT
_cPEET.R
942 _2udc
_cBK
999 _c26945
_d26945